Les épices - Statistiques

Statistiques générales
  • Ce quiz a été pris 561 fois
  • Le résultat moyen est 22 sur 83
Statistiques - réponses
Parties utilisées Epices % Correct
Graines Poivre
91%
Graines Cumin
73%
Partie souterraine Curcuma
70%
Fruits Piment de la Jamaïque
66%
Partie aérienne Thym
66%
Fruits Piment
65%
Partie souterraine Ail
64%
Fruits Paprika
64%
Partie aérienne Persil
62%
Partie aérienne Cannelle
61%
Partie souterraine Gingembre
61%
Inflorescence Safran
58%
Partie souterraine Oignon
56%
Partie aérienne Basilic
52%
Partie aérienne Coriandre
52%
Graines Coriandre
52%
Partie aérienne Ciboulette
50%
Partie aérienne Romarin
48%
Partie aérienne Menthe
46%
Partie aérienne Origan
45%
Partie aérienne Aneth
43%
Graines Aneth
43%
Fruits Noix de muscade
43%
Graines Anis
40%
Graines Anis vert
40%
Partie aérienne Laurier
40%
Fruits Citron
35%
Partie aérienne Fenouil
33%
Graines Fenouil
33%
Fruits Vanille
33%
Partie aérienne Estragon
32%
Partie souterraine Echalote
31%
Graines Moutarde
30%
Partie aérienne Sauge
29%
Graines Sésame
26%
Fruits Cardamome
24%
Graines Cardamome
24%
Fruits Badiane
21%
Partie aérienne Cerfeuil
21%
Partie aérienne Marjolaine
20%
Partie aérienne Citronnelle
19%
Partie souterraine Céleri
17%
Partie aérienne Céleri
17%
Graines Céleri
17%
Graines Pavot
17%
Partie aérienne Sarriette
17%
Fruits Baie de genièvre
15%
Galbule Baie de genièvre
15%
Graines Cacao
13%
Partie aérienne Verveine
13%
Partie souterraine Wasabi
13%
Graines Carvi
12%
Partie aérienne Oseille
12%
Partie souterraine Réglisse
12%
Graines Amande
11%
Graines Fenugrec
11%
Partie aérienne Mélisse
11%
Partie souterraine Raifort
10%
Graines Fève tonka
8%
Fruits Sumac
8%
Fruits Bergamote
7%
Partie aérienne Livèche
7%
Partie aérienne Serpolet
7%
Partie souterraine Galanga
5%
Partie aérienne Ache
4%
Partie souterraine Arachide
4%
Graines Nigelle
4%
Partie aérienne Absinthe
3%
Graines Achiote
3%
Partie souterraine Ase fétide
3%
Partie aérienne Combava
3%
Fruits Combava
3%
Inflorescence Laitue
3%
Partie aérienne Myrte
3%
Partie aérienne Bourrache
2%
Fruits Cubèbe
2%
Graines Maniguette
2%
Fruits Tamarinier
2%
Graines Ajowan
1%
Partie aérienne Balsamine
1%
Fruits Mahaleb
1%
Graines Soumbala
1%
Partie souterraine Zédoaire
1%
Aucun quiz correspondant
Distribution des résultats
% des personnes avec chaque résultat
Percentile par nombre de réponses
Votre historique - résultats
Vous n’avez pas pris ce quiz